Responses for show #4660 - Friday, December 3, 2004

Contestants

[<< previous game]

Kord Heinemann, a truck driver from Allentown, Pennsylvania

Pete DeBalli, an anesthesiologist from Titusville, Florida

Katie Fitzgerald, a wealth management project analyst originally from New Rochelle, New York (whose 2-day cash winnings total $30,201)

[next game >>]

Jeopardy! Round responses

NEPALESE HISTORY
SONG BIRDS
ON THE GO
THE PLANETS
10-HUT!
AT "EASE"
    $200 26
China

Kord
    $200 6
"Fly Like An Eagle"

Triple Stumper
    $200 11
(Kord: What is a kayak?)

a hot air balloon

Kord
Triple Stumper
    $200 1
Mercury

Kord
    $200 16
a desert

Pete
    $200 21
an easel

Pete
    $400 27
the Dark Ages

Katie
    $400 7
"Rockin' Robin"

Kord
    $400 12
(Kord: What is McDonnell Douglas?)
(Pete: What is Boeing?)
...
(Alex: McDonnell Douglas is the name of the company now, but in those days it was just [*] Aircraft.)

Douglas

PeteKord
Triple Stumper
    $400 2
Pluto

Katie
    $400 17
the Pony Express

Pete
    $400 22
ceasefire

Kord
    $600 28
(Kord: What is Buddhism?)

Hinduism

Kord
Triple Stumper
    $600 8
bluebird

Katie
    $600 13
(Kord: What are tugboats?)

barges

PeteKord
    $1,000 3
Mars

Katie
    $600 18
Arizona

Pete
    $600 23
weasel

Katie
    $800 30
Crown Prince

Katie
    $800 9
snowbird

Triple Stumper
    $800 14
cowcatchers

Kord
    $800 4
Venus

Kord
    $800 19
strike

Kord
    $800 24
appeasement

Katie
    $1000 29
Shah

Katie
    $1000 10
(Kord: What is a nightingale?)

skylark

Kord
Triple Stumper
    $1000 15
(Katie: What is the Appalachian trail?)
(Kord: What is the Cumberland trail?)

Wilderness Road

KatieKord
Triple Stumper
    $1000 5
(Kord: What is Jupiter?)
(Katie: What is Neptune?)

Uranus

KatiePeteKord
    $1000 20
Navarone

Pete
    $1000 25
greasepaint

Katie

Scores at the first commercial break (after clue 13):

Katie Pete Kord
$1,000 $1,200 -$1,800

Scores at the end of the Jeopardy! Round:

Katie Pete Kord
$4,600 $3,600 -$1,200

Double Jeopardy! Round responses

ANDREW JACKSON
GROUPS
THE WILD WEST INDIES
CORPORATE BRANDS
THAT'S POETRY TO MY EAR
4-LETTER "W"ORDS
    $400 2
The Battle of New Orleans

Pete
    $400 16
Family Affair

Kord
    $400 26
Pirates

Katie
    $400 21
Ford

Kord
    $400 8
why

Pete
    $400 1
wine

Pete
    $800 3
(Kord: What is slavery?)
...
(Alex: He was involved in a few of them.)

a duel

Kord
Triple Stumper
    $800 17
Order

Pete
    $800 27
guillotine

Katie
    $800 22
(Kord: Who is Coors?)

Anheuser-Busch

PeteKord
    $800 9
auld lang syne

Pete
    $800 7
writ

Pete
    $1200 4
(Alex: And that would be [*], his wife.)

Rachel Robards

Triple Stumper
    $1200 18
Species

Triple Stumper
    $1200 28
Cuba

Kord
    $1200 23
Maytag

Triple Stumper
    $1200 10
so am I

Katie
    $1200 13
(Katie: What is computer virus?)

worm

KatieKord
    $1600 5
John Quincy Adams

Pete
    $1600 19
"Class"

Triple Stumper
    $2,000 29
sugar

Kord
    $1600 24
(Katie: What is Vicks?)
(Kord: What is Dimetapp?)

Robitussin

KatieKord
Triple Stumper
    $2,000 11
(Alex: You rang in at precisely the right moment with a correct response. You can take the lead away from Pete.)
...
(Alex: [*], the famous blind poet of Antiquity.)

Homer

Katie
    $1600 14
(Kord: Who are the [unknown]?)
(Katie: Who are the Democrats?)

Whig

KatiePeteKord
    $2000 6
(Kord: What is slavery?)

the Bank of the United States

PeteKord
    $2000 20
Kingdom

Triple Stumper
    $2000 25
Valvoline

Pete
    $2000 12
(Pete: What is conquer?)

folly

Pete
Triple Stumper
    $2000 15
wren

Kord

Scores at the end of the Double Jeopardy! Round:

Katie Pete Kord
$4,600 $13,200 -$800
(lock game)

[wagering suggestions for these scores]

Final Jeopardy! Round responses

U.S. CITIES
KatieWhat is Los Angeles?
$4,600
PeteWhat is Detroit?
$3,000
(1 of) Detroit or Philadelphia

Final scores:

Katie Pete Kord
$0 $16,200 -$800
2nd place: $2,000 New champion: $16,200 3rd place: $1,000

Game dynamics:

Coryat scores:

Katie Pete Kord
$3,800 $13,200 -$1,200
13 R
(including 2 DDs),
5 W
18 R,
2 W
13 R
(including 1 DD),
12 W

Combined Coryat: $15,800

The J! Archive is created by fans, for fans. The Jeopardy! game show and all elements thereof, including but not limited to copyright and trademark thereto, are the property of Jeopardy Productions, Inc. and are protected under law. This website is not affiliated with, sponsored by, or operated by Jeopardy Productions, Inc. Join the discussion at JBoard.tv.